|
|
|
|
| LEADER |
00919nam a2200289Ia 4500 |
| 008 |
240830s9999 xx 000 0 und d |
| 020 |
|
|
|a 970-10-6528-X
|
| 040 |
|
|
|a B-ESTELÍ- RUACS / 297 E541
|
| 041 |
|
|
|a spa
|
| 082 |
|
|
|a 297 E541
|
| 100 |
1 |
|
|a Becerril, Marco Antonio
|
| 245 |
1 |
0 |
|a La civilización de Islam : Pequeña enciclopedia del arte, lasa ciencias y el pensamiento de los pueblos musulmanes.
|
| 250 |
|
|
|a 2a.ed
|
| 260 |
|
|
|a China
|b McGraw-Hill
|c 2008
|
| 300 |
|
|
|a 308p:il
|
| 650 |
7 |
|
|a PARASITOLOGIA
|
| 650 |
7 |
|
|b ASPECTOS GENERALES DE LA PARASITOLOGIA
|
| 650 |
7 |
|
|c AMEBIASIS
|
| 650 |
7 |
|
|d AMEBAS COMENSALES EN EL SER HUMANO
|
| 650 |
7 |
|
|e LEISHMANIOSIS
|
| 650 |
7 |
|
|f ISOSPOROSIS
|
| 650 |
7 |
|
|g RESPUESTA INMUNITARIA A PARASITOS
|
| 650 |
7 |
|
|h DIAGNOSTICO DE LAS PARASITOSIS
|
| 650 |
7 |
|
|i TECNICAS MOLECULARES PARA ESTUDIO DE PARASITOS.
|
| 942 |
|
|
|c BK
|2 ddc
|
| 991 |
|
|
|a TEXTO
|
| 999 |
|
|
|c 10642
|